000 00765nam a2200253Ia 4500
001 Z_145
003 CHAP
008 220113s1973 xx 000 0 und d
010 _a163117
040 _cCHAP
082 _a423.6 D5
245 _aDiccionario internacional Simon and Schuster, inglés español, español - inglés /
_c
260 _aNew York :
_bSimon and Schuster,
_c1973
300 _a1605 p.
503 _aej.1: 133994 \ ej.2: 124254 \ ej.3: 133995 \ ej.4: C/E \ ej.5: 148704
650 _aEspañol
_xDiccionario
_xInglés I. t.: Simon & Schuster's international dictionaries
_9137361
650 _aInglés
_xDiccionarios
_xEspañol
_958336
901 _a423.6 D5
902 _aM
910 _a1973
942 _c1
942 _cc1
999 _c163117
_d163117